00296 2200121 4500001002100000005001500021035002400036090001900060245002900079260003100108300002000139990001500159YOGYA00000000008730820140823105612 0010-081400000087025 aDEP 294.34 Med aMeditasi Syukur 20 Menit aYogyakartabKanisiusc2010 a46 hlm.b16 cm. a2010 - 806